A Bela e o Monstro (Registo nº 201026)
[ vista simples ]
| 000 -Etiqueta do registo | |
|---|---|
| Valores | 00751nam 22002173 4500 |
| 100 ## - Dados gerais de processamento | |
| Dados gerais | 20260306d u||y0pory50 ba |
| 101 ## - Língua de publicação | |
| Língua | Português |
| 200 ## - Titulo e menção de responsabilidade | |
| Título próprio | A Bela e o Monstro |
| Primeira menção de responsabilidade | Madame le Prince de Beaumont |
| Outras menções de responsabilidade | Ilustração de Marcel Marlier ; Tradução de Maria Isabel de Mendonça Soares |
| 210 ## - Publicação | |
| Local de publicação | Lisboa |
| Nome do editor | Editorial Verbo |
| Data de publicação | [S.I.] |
| 215 ## - Descrição física | |
| Paginação / Volumes | 30, [2] p. : il. |
| Outras indicações físicas | Encadernado |
| Dimensões | 31 cm |
| 225 ## - Colecção | |
| Título próprio da colecção | Verbo Infantil |
| Informação de outro título | Série Gigante |
| Indicação de volume | 18 |
| 300 ## - Notas gerais | |
| Texto da nota | Infantil |
| 606 ## - Nome comum usado como assunto | |
| ID Autoridade | 235 |
| Palavra de ordem | Literatura infantil |
| 675 ## - CDU | |
| Notação | 087.5/BEA/BEL |
| Edição | PT |
| Língua | por |
| 700 ## - Autor principal (pessoa individual) | |
| ID Autoridade | 16698 |
| Apelido | Beaumont |
| Nome | Madame le Prince |
| 701 ## - Co-autor principal (pessoa individual) | |
| ID Autoridade | 1458 |
| Apelido | Marlier |
| Nome | Marcel |
| Datas | 1930-2011 |
| 801 ## - Fonte de origem | |
| País | PT |
| Agência | BMMN |
| Regras de catalogação | RPC |
| 830 ## - Notas gerais do catalogador | |
| Criado por | Carlos Pinto |
| Data de criação | 06-03-2026 |
| Indexado por | Carlos Pinto |
| 990 ## - Elementos KOHA | |
| Tipo de documento | Livro |
| Situação do levantamento | Biblioteca de origem | Código de barras | Cota | Permissão de empréstimo | Tipo de documento | Forma de aquisição |
|---|---|---|---|---|---|---|
| Biblioteca Escolar Ciborro | 30301 | 087.5/BEA/BEL | Livro | Oferta |